'A Tale of Two Cities' Opening Quiz Stats

Quiz Updated Apr 4, 2014

Also try: What the Dickens?
Challenge
Share
Tweet
Embed
Score 0/119 Timer 05:00
9 Plays Today
% Correct
the
98.3%
the
98.3%
the
98.3%
the
98.3%
the
98.3%
the
98.3%
the
98.3%
the
98.3%
the
98.3%
the
98.3%
the
98.3%
the
98.3%
the
98.3%
the
98.3%
It
95.3%
it
95.3%
it
95.3%
it
95.3%
it
95.3%
it
95.3%
it
95.3%
it
95.3%
it
95.3%
it
95.3%
of
94.6%
of
94.6%
of
94.6%
of
94.6%
of
94.6%
of
94.6%
of
94.6%
of
94.6%
of
94.6%
of
94.6%
of
94.6%
of
94.6%
was
94.5%
was
94.5%
was
94.5%
was
94.5%
% Correct
was
94.5%
was
94.5%
was
94.5%
was
94.5%
was
94.5%
was
94.5%
was
94.5%
best
92.3%
times,
92%
times,
92%
worst
90.8%
in
50.2%
in
50.2%
we
44.1%
we
44.1%
we
44.1%
we
44.1%
to
43.2%
age
40%
age
40%
on
37.1%
were
34.3%
were
34.3%
for
32.2%
for
32.2%
so
31.5%
all
31%
all
31%
winter
28.4%
had
27.8%
had
27.8%
Light,
27.3%
epoch
27.2%
epoch
27.2%
that
26.6%
hope,
26.3%
despair,
26.2%
us,
25.9%
us,
25.9%
spring
25.7%
% Correct
Darkness,
25.6%
wisdom,
25.2%
or
24%
season
23.6%
season
23.6%
foolishness,
23.3%
way --
23%
going
22.7%
going
22.7%
nothing
22.5%
everything
22%
other
21.7%
heaven,
21.2%
before
20.7%
before
20.7%
incredulity,
20.4%
belief,
20.3%
good
20%
like
19.7%
its
18.6%
its
18.6%
direct
18.5%
direct
18.5%
some
17.6%
short,
17.4%
period
17%
period,
17%
only.
16.4%
present
16%
evil,
15.8%
far
15%
authorities
13.3%
being
13.2%
noisiest
12.9%
comparison
12.7%
superlative
12.7%
insisted
11.8%
degree
11.5%
received,
10.2%

You're not logged in!

Compare scores with friends on all Sporcle quizzes.
Join for Free
OR
Log In

You Might Also Like...

Show Comments

Extras

Top Quizzes Today


Score Distribution

Your Account Isn't Verified!

In order to create a playlist on Sporcle, you need to verify the email address you used during registration. Go to your Sporcle Settings to finish the process.

Report this User

Report this user for behavior that violates our Community Guidelines.

Details: